00903cam a22002531 4500001001300000003000400013005001700017008004100034010001700075035002000092040002100112042001200133050001600145100002900161245013400190260003800324300003500362500007200397504005400469650003000523740005800553752002100611999001700632he 67001496 DLC20260227111448.0840829s1967 is ab b 000 0 heb  ahe 67001496  a(OCoLC)19186950 aDLCcMHdCUdDLC apremarc00aDS118b.R221 aRappaport, Uriel,d1935-10aToldot Yiśraʼel bi-teḳufat ha-Bayit ha-sheni :bsefer ʻezer le-talmide ha-kitot ha-ʻelyonot shel bet ha-sefer ha-tikhon... a[Tel Aviv] :bʻAmiḥai,c[1967] a258 p. :bill., maps ;c24 cm. aAdded t.p.: A history of Israel in the period of the Second Temple. aIncludes bibliographical references (p. 250-258). 0aJewsxHistoryyTo 70 A.D.0 aHistory of Israel in the period of the Second Temple. aIsraeldTel Aviv c32524d32524